[Event "BL2-West 9192"]
[Site "Germany"]
[Date "1992.??.??"]
[Round "8.5"]
[White "Troltenier, Dirk"]
[Black "Rieke, Theo"]
[Result "1/2-1/2"]
[WhiteElo "2300"]
[BlackElo "2130"]
[PlyCount "103"]
[EventDate "1991.10.??"]
[EventType "team-tourn"]
[EventRounds "9"]
[EventCountry "GER"]
[SourceTitle "GER-chT2"]
[Source "ChessBase"]
[SourceDate "1999.07.01"]
[SourceVersion "1"]
[SourceVersionDate "1999.07.01"]
[SourceQuality "1"]
[WhiteTeam "Hofheim"]
[BlackTeam "Muelheim"]
[WhiteTeamCountry "GER"]
[BlackTeamCountry "GER"]

1. e4 e5 2. Nf3 Nc6 3. Bb5 f5 4. d3 Nf6 5. Nc3 fxe4 6. dxe4 d6 7. Qd3 Bg4 8. h3 Bh5 9. Bg5 Be7 10. 0-0-0 Bxf3 11. Qxf3 0-0 12. Qd3 Kh8 13. Bxc6 bxc6 14. Qc4 Qe8 15. f3 Nd5 16. exd5 Bxg5+ 17. Kb1 c5 18. Ne4 Be7 19. Rd3 Qg6 20. Rg1 Rfb8 21. Rb3 Rb6 22. Rxb6 axb6 23. Qb5 Qe8 24. Qxe8+ Rxe8 25. c4 Kg8 26. Kc2 Ra8 27. Ra1 Kf7 28. a4 Ke8 29. Kd3 Kd7 30. Ra3 Rf8 31. Ra1 Ra8 32. Ra2 Ra7 33. Ke2 Ra8 34. Ra1 Bf6 35. Ra3 Re8 36. Kd3 Ra8 37. Ke3 h6 38. Ra1 Bg5+ 39. Ke2 Be7 40. Kd3 Bh4 41. b3 Rf8 42. Ke2 Ra8 43. Rb1 Rf8 44. g3 Be7 45. h4 h5 46. Ke3 Rh8 47. Rf1 Rg8 48. Rh1 Rh8 49. Rh2 Kd8 50. Nf2 Kd7 51. Nh3 Rh6 52. Nf2 1/2-1/2

[Event "BL2-Sued-West 9091"]
[Site "Germany"]
[Date "1991.??.??"]
[Round "?.6"]
[White "Troltenier, Dirk"]
[Black "Bletz, Harald"]
[Result "1-0"]
[WhiteElo "2250"]
[BlackElo "2285"]
[PlyCount "95"]
[EventDate "1990.10.??"]
[EventType "team-tourn"]
[EventRounds "9"]
[EventCountry "GER"]
[SourceTitle "GER-chT2"]
[Source "ChessBase"]
[SourceDate "1999.07.01"]
[SourceVersion "1"]
[SourceVersionDate "1999.07.01"]
[SourceQuality "1"]
[WhiteTeam "Hofheim"]
[BlackTeam "Schoeneck"]
[WhiteTeamCountry "GER"]
[BlackTeamCountry "GER"]

1. e4 c5 2. c3 d6 3. g3 Nf6 4. Bg2 g6 5. d4 Nbd7 6. Ne2 Bg7 7. h3 0-0 8. Be3 Qc7 9. 0-0 Rb8 10. f4 b5 11. e5 Ne8 12. Nd2 Bb7 13. Ne4 cxd4 14. cxd4 Nb6 15. Bf2 Qd7 16. Qe1 Nc7 17. b3 Rfc8 18. Qa5 Bxe4 19. Bxe4 Qxh3 20. Qxa7 Qg4 21. Rfe1 d5 22. Bg2 Qe6 23. Rec1 Ne8 24. Qa5 Qd7 25. Rc5 Rxc5 26. dxc5 Nc8 27. Nd4 Nc7 28. c6 Qd8 29. Bf1 Ra8 30. Qb4 Na7 31. a4 bxa4 32. Rxa4 Rb8 33. Qc5 Nc8 34. b4 e6 35. b5 Bf8 36. Qc3 Nb6 37. Ra7 Nc8 38. Rb7 Nb6 39. Qa5 Bc5 40. Qc3 Bxd4 41. Qxd4 Rxb7 42. cxb7 Nd7 43. Qa7 d4 44. Bxd4 Nd5 45. Qa8 Nb8 46. Ba7 Qa5 47. Qxb8+ Kg7 48. Bc5 1-0